000 00507nam a22001817a 4500
005 20250708120915.0
008 250708b |||||||| |||| 00| 0 eng d
020 _a978-1-133-43505-1
050 _aHB 172.5 .T83 2014
100 _aTUCKER, IRVIN B.
245 _aMACROECONOMICS FOR TODAY
250 _a8
260 _aMASON, OH
_bSOUTH-WESTERN CENGAGE,
_c2014
300 _aXXIX, 624 P.:ILL
500 _aINCLUDES BIBLIOGRAPHICAL REFERENCES AND INDEX
650 _aMACROECONOMICS
942 _2lcc
_cBK
999 _c215845
_d215845